One Piece en images - Saga Alabasta - Statistiques

Statistiques générales
  • Ce quiz a été pris 144 fois
  • Le résultat moyen est 16 sur 20
Statistiques - réponses
Par images Réponse % Correct
Chopper
97%
Nico Robin
97%
Vivi
97%
Crocodile
92%
Laboon
92%
Galdino / Mr.3
88%
Daz Bonez / Mr.1
85%
Gem / Mr.5
85%
Wapol
85%
Nefertari Cobra
81%
Dorry
80%
Brogy
79%
Crocus
79%
Karoo
78%
Dr.Hiluluk
76%
Mr.9
74%
Mikita / Miss Valentine
71%
Dr.Kureha
68%
Igaram
62%
Sister / Miss Monday
51%
Aucun quiz correspondant
Distribution des résultats
% des personnes avec chaque résultat
Percentile par nombre de réponses
Votre historique - résultats
Vous n’avez pas pris ce quiz